00549nam a22001577a 4500003000200000005001700002008004100019020002200060050002200082100002900104245009900133260006100232300002600293504005200319650002000371020231120142336.0231120b xxu||||| |||| 00| 0 eng d a978-621-409-174-4 aD 421 b.B54 2022 aBihasa, Carmelo Rico S.  aThe contemporary world : looking through the lenses of globalizationcBihasa, Carmelo Rico S.  aMandaluyong CitybBooks Atbp. Publishing Corp. cc2023. a250 pages ; c25 cm.  aIncludes bibliographical references and index.  aGlobalization.